000 00947nam a22002417i 4500
003 URS
005 20240416181701.0
008 190211b ||||| |||| 00| 0 eng d
040 _beng
_erda
_cURS Pilila Library
082 0 0 _bFS BSBA MM37 2014
100 1 _aMartinez, Marvic M.
_eresearcher
245 1 0 _aEstablishment of comedy bar in Tanay, Rizal/
_cMarvic M. Martinez
300 _axiv, 85 leaves;
_c28 cm.
336 _atext
_btxt
_2rdacontent
337 _aunmediated
_bn
_2rdamedia
338 _avolume
_bnc
_2rdacarrier
502 _aUndergraduate Feasibility Study
_bBachelor of Science in Business Administration Major in Marketing Management
_cUniversity of Rizal System Pililla
700 1 _aMatawaran, Mae-Ann B.
_eresearcher
700 1 _aSantos, Ma. Cecilia L.
_eadviser
700 1 _aWaquez, Regine C.
_eresearcher
856 _3Online Request for Student Unpublished Works
_uhttps://forms.gle/7LqvGGkaDrUQqz429
942 _2ddc
_cT
999 _c76360
_d76359